MARC details
| 000 -LEADER |
| campo de control de longitud fija |
01622nam a2200385 i 4500 |
| 001 - NÚMERO DE CONTROL |
| campo de control |
192984 |
| 003 - IDENTIFICADOR DE NÚMERO DE CONTROL |
| campo de control |
SpMaBN |
| 005 - FECHA Y HORA DE LA ÚLTIMA TRANSACCIÓN |
| campo de control |
20240526062943.0 |
| 007 - CAMPO FIJO DE DESCRIPCIÓN FÍSICA--INFORMACIÓN GENERAL |
| campo de control de longitud fija |
ta |
| 008 - DATOS DE LONGITUD FIJA--INFORMACIÓN GENERAL |
| campo de control de longitud fija |
230714e2021 sp a | |||| 000 0dspa |
| 017 ## - NÚMERO DE COPYRIGHT O DE DEPÓSITO LEGAL |
| Número de copyright o de depósito legal |
V 3866-2021 |
| Agencia que asigna |
Oficina Depósito Legal Valencia |
| 020 ## - NÚMERO INTERNACIONAL ESTÁNDAR DEL LIBRO |
| Número Internacional Estándar del Libro |
9788411137089 |
| 035 ## - NÚMERO DE CONTROL DEL SISTEMA |
| Número de control de sistema |
a7067864 |
| 040 ## - FUENTE DE CATALOGACIÓN |
| Lengua de catalogación |
spa |
| Centro/agencia transcriptor |
ES-MaACL |
| Normas de descripción |
rda |
| 080 ## - NÚMERO DE LA CLASIFICACIÓN DECIMAL UNIVERSAL |
| Número de la Clasificación Decimal Universal |
347.965.8(460.271)(091) |
| 100 1# - ENTRADA PRINCIPAL--NOMBRE DE PERSONA |
| Nombre de persona |
Pradas Poveda, José Manuel |
| 9 (RLIN) |
233728 |
| Término indicativo de función/relación |
Autor |
| 245 13 - MENCIÓN DEL TÍTULO |
| Título |
La huella de la toga / |
| Mención de responsabilidad, etc. |
José Manuel Pradas Poveda ; presentación, José María Alonso Puig ; prólogo, Emilio Ramírez Matos |
| 264 #1 - PRODUCCIÓN, PUBLICACIÓN, DISTRIBUCIÓN, FABRICACIÓN Y COPYRIGHT |
| Producción, publicación, distribución, fabricación y copyright |
Valencia : |
| Nombre del de productor, editor, distribuidor, fabricante |
Tirant Lo Blanch, |
| Fecha de producción, publicación, distribución, fabricación o copyright |
2021 |
| 300 ## - DESCRIPCIÓN FÍSICA |
| Extensión |
222 páginas : |
| Otras características físicas |
ilustraciones (blanco y negro y color) ; |
| Dimensiones |
25 cm |
| 336 ## - TIPO DE CONTENIDO |
| Término de tipo de contenido |
Texto |
| Fuente |
rdacontent |
| 337 ## - TIPO DE MEDIO |
| Nombre/término del tipo de medio |
sin mediación |
| Fuente |
rdamedia |
| 338 ## - TIPO DE SOPORTE |
| Nombre/término del tipo de soporte |
volumen |
| Fuente |
rdacarrier |
| 500 ## - NOTA GENERAL |
| Nota general |
En portada: "Ilustre Colegio de Abogados de Madrid, Biblioteca del Ilustre Colegio de Abogados de Madrid" |
| 500 ## - NOTA GENERAL |
| Nota general |
Índice |
| 530 ## - NOTA DISPONIBLE DE FORMULARIO FÍSICO ADICIONAL |
| Nota de formato físico adicional disponible |
Disponible en línea mediante la aplicación Nube de lectura; con clave de acceso |
| 610 24 - PUNTO DE ACCESO ADICIONAL DE MATERIA--NOMBRE DE ENTIDAD CORPORATIVA |
| Nombre de entidad corporativa o nombre de jurisdicción como elemento de entrada |
Colegio de Abogados de Madrid- |
| Subdivisión de forma |
Historia |
| Fuente del encabezamiento o término |
embne |
| 9 (RLIN) |
2892 |
| 650 #7 - PUNTO DE ACCESO ADICIONAL DE MATERIA--TÉRMINO DE MATERIA |
| Término de materia o nombre geográfico como elemento de entrada |
Abogados- |
| Subdivisión geográfica |
España- |
| Subdivisión de forma |
Historia |
| 9 (RLIN) |
167645 |
| 700 1# - ENTRADA AGREGADA--NOMBRE PERSONAL |
| 9 (RLIN) |
236668 |
| Nombre de persona |
Alonso Puig, José María |
| Término indicativo de función/relación |
Autor de introducción |
| 700 1# - ENTRADA AGREGADA--NOMBRE PERSONAL |
| 9 (RLIN) |
236669 |
| Nombre de persona |
Ramírez Matos, Emilio |
| Término indicativo de función/relación |
Autor de introducción |
| 852 ## - LOCALIZACIÓN |
| Ubicación |
ES-MaACL |
| Sublocalización o colección |
R.153297 |
| Ubicación en estantería |
Depósito J |
| Anotaciones manuscritas |
Dedicatoria autógrafa del autor |
| Donativo/Legado |
Donación: José Manuel Pradas Poveda |
| Número de control de estantería |
N-8499 |
| Encuadernación |
Cartoné |
| itemnumber |
200287 |
| 903 ## - NOMBRE PERSONAL DE DONANTE |
| 9 |
233728 |
| a |
Pradas Poveda, José Manuel |
| e |
Donante |
| 942 ## - ELEMENTOS DE ENTRADA SECUNDARIOS (KOHA) |
| Suprimir en OPAC |
No |
| Tipo de ítem Koha |
Libro impreso |